Biblia y evangelio
Đã lưu trong:
| Tác giả chính: | |
|---|---|
| Định dạng: | Sách |
| Ngôn ngữ: | Tiếng Tây Ban Nha |
| Được phát hành: |
Santiago
Paulinas
1961
|
| Loạt: | Colección Bíblica, 2
|
| Những chủ đề: | |
| Các nhãn: |
Thêm thẻ
Không có thẻ, Là người đầu tiên thẻ bản ghi này!
|
MARC
| LEADER | 00000nam a2200000 a 4500 | ||
|---|---|---|---|
| 001 | UCL1230 | ||
| 003 | CL-VaPUC | ||
| 008 | 030905e19610000CL |||||||||||||||||spa|d | ||
| 082 | 0 | 4 | |a 226 |b GOU |2 21 |
| 100 | |a Gourbillon, J. G |e author |9 576936 | ||
| 245 | 1 | 0 | |a Biblia y evangelio |
| 300 | |a 37 p | ||
| 942 | |c BK | ||
| 945 | |d 20030905 00:00:00 |a vberengu | ||
| 260 | |a Santiago |b Paulinas |c 1961 | ||
| 650 | 0 | |a Evangelios |9 314864 | |
| 650 | 0 | |a Evangelistas |9 315131 | |
| 650 | 0 | |a Biblia |9 257603 | |
| 583 | |a last modification |c 20030905 00:00:00 |k Rodrigo Vera | ||
| 490 | 0 | |a Colección Bíblica, 2 | |
| 999 | |c 304874 |d 304872 | ||
| 952 | |0 0 |1 0 |4 0 |6 226_000000000000000_GOU_1961 |7 0 |8 A |9 367686 |a BIBTEO |b BIBTEO |d 2019-11-21 |i 2076233 |o 226 GOU 1961 |p 2076233 |r 2025-01-17 |w 2019-11-21 |y BK |k ICR | ||